Women's association football clubs in England 2023 - Statistics

General Stats
  • This quiz has been taken 250 times
  • The average score is 17 of 36
Answer Stats
Answer % Correct
Arsenal
99%
Chelsea
98%
Manchester United
98%
Manchester City
97%
Liverpool
92%
Aston Villa
91%
Tottenham Hotspur
88%
West Ham United
88%
Brighton & Hove Albion
83%
Everton
76%
Leicester City
73%
Bristol City
72%
Birmingham City
56%
London City Lionesses
53%
Crystal Palace
51%
Sunderland
48%
Reading
44%
Newcastle United
43%
Southampton
36%
Charlton Athletic
33%
Nottingham Forest
30%
Blackburn Rovers
29%
Sheffield United
29%
Wolverhampton Wanderers
28%
Burnley
26%
Durham
25%
Watford
25%
Lewes
19%
Stoke City
15%
Derby County
13%
West Bromwich Albion
13%
Liverpool Feds
8%
Halifax
7%
Huddersfield Town
7%
Stourbridge
4%
AFC Fylde
1%
No matching quizzes found
Score Distribution
Percent of People with Each Score
Percentile by Number Answered
Your Score History
You have not taken this quiz